National Parks In South Carolina - Statistics

General Stats
  • This quiz has been taken 9 times
  • The average score is 4 of 7
Answer Stats
Type Answer % Correct
NP Congaree
88%
NM Fort Sumter
88%
NB Cowpens
63%
NMP Kings Mountain
50%
NHS Ninety Six
38%
NHS Charles Pinckney
25%
NHP Reconstruction Era
13%
No matching quizzes found
Score Distribution
Percent of People with Each Score
Percentile by Number Answered
Your Score History
You have not taken this quiz